[Event "Titled Tuesday intern op 02nd Jul Late"]
[Site "Chess.com INT"]
[Date "2024.07.02"]
[Round "4"]
[White "Martin Barcelo, Carles"]
[Black "Ragger, Markus"]
[Result "0-1"]
[WhiteElo "2234"]
[BlackElo "2603"]
[PlyCount "100"]
[EventDate "2024.07.02"]
[EventType "swiss (blitz)"]
[EventRounds "11"]
[EventCountry "USA"]
[SourceTitle "EXT 2025"]
[Source "ChessBase"]
[SourceDate "2024.10.14"]
[SourceVersion "1"]
[SourceVersionDate "2024.10.14"]
[SourceQuality "1"]

1. e4 e5 2. Nf3 Nc6 3. Nc3 Nf6 4. d4 exd4 5. Nxd4 Bb4 6. Nxc6 bxc6 7. Bd3 d5 8. exd5 0-0 9. 0-0 cxd5 10. h3 Rb8 11. Qf3 Rb6 12. Bg5 h6 13. Bxf6 Rxf6 14. Qxd5 Bxc3 15. Qxd8 Rxd8 16. bxc3 Ba6 17. Rad1 Rfd6 18. Rfe1 Kf8 19. Rb1 Bxd3 20. cxd3 Rxd3 21. Rb7 Rxc3 22. Rxa7 Rc2 23. Re3 g5 24. Rf3 Kg7 25. Rf5 Rd1+ 26. Kh2 Ra1 27. a4 Raa2 28. Kg1 Ra3 29. a5 Kg6 30. g4 Rxh3 31. Ra6+ c6 32. Ra7 Rh4 33. f3 f6 34. a6 Rhh2 35. Re7 Rcg2+ 36. Kf1 Ra2 37. Kg1 Rhc2 38. Re1 Rxa6 39. Rd1 Raa2 40. Kf1 h5 41. Kg1 Ra4 42. Kf1 hxg4 43. fxg4 Rxg4 44. Ra5 Rf4+ 45. Ke1 g4 46. Ra8 Kf5 47. Rg8 Rff2 48. Rd6 Rce2+ 49. Kd1 Ra2 50. Ke1 Rh2 0-1

[Event "Titled Tuesday intern op 02nd Jul Late"]
[Site "Chess.com INT"]
[Date "2024.07.02"]
[Round "9"]
[White "Spata, German"]
[Black "Martin Barcelo, Carles"]
[Result "0-1"]
[WhiteElo "2399"]
[BlackElo "2234"]
[PlyCount "140"]
[EventDate "2024.07.02"]
[EventType "swiss (blitz)"]
[EventRounds "11"]
[EventCountry "USA"]
[SourceTitle "EXT 2025"]
[Source "ChessBase"]
[SourceDate "2024.10.14"]
[SourceVersion "1"]
[SourceVersionDate "2024.10.14"]
[SourceQuality "1"]

1. e4 d6 2. d3 Nf6 3. Be2 e5 4. f4 exf4 5. Bxf4 g6 6. Nf3 Bg7 7. 0-0 0-0 8. Nc3 Nc6 9. Qd2 Bg4 10. Rae1 Qd7 11. Bh6 Rae8 12. Bxg7 Kxg7 13. Qg5 Bxf3 14. Rxf3 Qe7 15. Ref1 Nd7 16. Qd2 h6 17. Nd5 Qd8 18. Nf6 Nxf6 19. Rxf6 Ne5 20. R6f2 Qg5 21. Qc3 c5 22. h3 Kg8 23. Qb3 b6 24. Qd5 Qe7 25. c3 Qe6 26. Qxe6 fxe6 27. Rxf8+ Rxf8 28. Rd1 Rc8 29. a3 Kf7 30. d4 cxd4 31. cxd4 Nd7 32. Rd2 Ke7 33. Bd3 Rc1+ 34. Kf2 Nf6 35. e5 dxe5 36. dxe5 Nd7 37. Bxg6 Nxe5 38. Be4 Nc4 39. Re2 Rd1 40. Bf3 Rd2 41. Rxd2 Nxd2 42. Ke2 Nc4 43. Kd3 Nxb2+ 44. Kc3 Na4+ 45. Kb4 Nc5 46. Kb5 Kd6 47. g4 e5 48. h4 e4 49. Be2 Ke5 50. Kc6 Kf4 51. g5 hxg5 52. h5 Kf5 53. Kd5 Kf6 54. h6 Kg6 55. a4 Kxh6 56. a5 Kg6 57. axb6 axb6 58. Kc6 Kf5 59. Kxb6 Nd3 60. Kb5 Kf4 61. Kc4 g4 62. Kd4 g3 63. Bf1 Kf3 64. Kc3 Nf4 65. Kd4 e3 66. Ba6 e2 67. Bb7+ Kf2 68. Ba6 e1Q 69. Kc5 Qe3+ 70. Kb5 g2 0-1

[Event "Titled Tuesday intern op 02nd Jul Late"]
[Site "Chess.com INT"]
[Date "2024.07.02"]
[Round "11"]
[White "Vlassov, Nikolai"]
[Black "Martin Barcelo, Carles"]
[Result "0-1"]
[WhiteElo "2299"]
[BlackElo "2234"]
[PlyCount "78"]
[EventDate "2024.07.02"]
[EventType "swiss (blitz)"]
[EventRounds "11"]
[EventCountry "USA"]
[SourceTitle "EXT 2025"]
[Source "ChessBase"]
[SourceDate "2024.10.14"]
[SourceVersion "1"]
[SourceVersionDate "2024.10.14"]
[SourceQuality "1"]

1. e4 d6 2. f4 Nf6 3. Nc3 g6 4. e5 dxe5 5. fxe5 Nd5 6. Bc4 Be6 7. Qf3 c6 8. Nge2 Bg7 9. d4 0-0 10. 0-0 Nxc3 11. Qxc3 Bxc4 12. Qxc4 Qd5 13. Qb4 c5 14. dxc5 Na6 15. Qd4 Qxd4+ 16. Nxd4 Bxe5 17. Nb3 Nxc5 18. Nxc5 Bd4+ 19. Kh1 Bxc5 20. Bh6 Rfd8 21. Rad1 Bb6 22. g4 Rxd1 23. Rxd1 Rd8 24. Rxd8+ Bxd8 25. Kg2 f6 26. Kf3 g5 27. h4 e6 28. h5 Be7 29. Ke4 Bf8 30. Bxf8 Kxf8 31. c4 Ke7 32. b4 Kd6 33. Kd4 f5 34. gxf5 exf5 35. c5+ Kc6 36. a4 a6 37. h6 g4 38. Ke3 g3 39. Kf3 f4 0-1